Landkreise in Thüringen (1949 bis 2016) - Statistiken

Allgemein
  • Dieses Quiz wurde 790 mal gespielt
  • Das Durchschnittsergebnis liegt bei 32 aus 60
Antwortstatistiken
Kreis % Korrekt
s EF Erfurt
94%
s G Gera
87%
s J Jena
86%
s WE Weimar
85%
s 71 - Eisenach ESA
82%
s EA Eisenach (seit 1998)
82%
s SHL Suhl
80%
s 71 GTH Gotha
76%
s 71 ABG Altenburg
75%
9 MGN Meiningen (bis 1967 Suhl in Suhl)
75%
9 SM Schmalkalden
75%
s 71 NDH Nordhausen
74%
9 SLF Saalfeld
73%
SÖM Sömmerda
73%
s 71 GRZ Greiz
71%
SON Sonneberg
71%
WAK Wartburgkreis (bis 1998 auch in Eisenach)
66%
HBN Hildburghausen
65%
KYF Kyffhäuserkreis
64%
EIC Eichsfeld
63%
IK Ilm-Kreis
62%
SHK Saale-Holzland-Kreis (zunächst Holzlandkreis)
62%
SOK Saale-Orla-Kreis
62%
9 IL Ilmenau
61%
9 RU Rudolstadt
61%
s 71 - Apolda
58%
UH Unstrut-Hainich-Kreis
56%
9 SDH Sondershausen
54%
SM Schmalkalden-Meiningen
53%
AP Weimarer Land
53%
s 71 MHL Mühlhausen
52%
s 71 ARN Arnstadt
50%
ABG Altenburger Land (zunächst Altenburg)
46%
SLF Saalfeld-Rudolstadt
45%
9 SCZ Schleiz
41%
9 SLZ Bad Salzungen
40%
9 EF Erfurt-Land
40%
9 HIG Heiligenstadt
39%
9 J Jena-Land
39%
XX -- SHL Zella-Mehlis
39%
XX -- Bad Langensalza
38%
9 G Gera-Land
38%
9 WBS Leinefelde-Worbis (Zusammenschluss mit Leinefelde 2004)
38%
9 PN Pößneck
38%
9 ART Artern
37%
9 EIS Eisenberg
37%
9 SLN Schmölln
37%
9 WE Weimar-Land
36%
9 ZR Zeulenroda-Tribes (Zusammenschluss mit Tribes 2006)
36%
XX -- Heilbad Heiligenstadt
34%
9 SHL Suhl-Land
32%
9 LBS Bad Lobenstein ("Bad" seit 1995)
31%
9 LSZ Langensalza
31%
9 SRO Stadtroda
31%
9 NH Neuhaus am Rennweg
30%
XX -- Saalfeld/Saale
30%
XX -- Artern/Unstrut
29%
52 71 - Kölleda (bis 1950 Eckartsberga in Kölleda)
29%
Mühlhausen/Thüringen
29%
50 71 - Weißensee
26%
Keine übereinstimmenden Quizze gefunden
Verteilung der Resultate
Anzahl Personen mit jedem Resultat
Perzentil nach korrekt beantworteten Fragen
Ihre Resultats-Entwicklung
Sie haben dieses Quiz noch nicht gespielt